| Registos Bibliográficos associados ao registo de autoridade |
|
Etiqueta de registo: 00254nam 2200025 450 001 2285845 003 http://id.bnportugal.gov.pt/bib/catbnp/2285845 010 ## $a978-989-9014-44-2 021 ## $aPT$b561282/26 100 ## $a20260506d2026 m y0pory01030103ba 101 0# $apor 102 ## $aPT 105 ## $ay z 000fy 106 ## $ar 200 1# $a O ônibus autocarro$fJorge Adelar Finatto, Luís Afonso 210 #9 $aLisboa$cAbysmo,$d2026 215 ## $a78, [2] p.$d19 cm 675 ## $a821.134.3-34"19/20"$vBN$zpor$31120541 675 ## $a821.134.3(81)-34"20"$vBN$zpor$31182702 700 #1 $aFinatto,$bJorge Adelar,$f1956-$31997780 701 #1 $aAfonso,$bLuís,$f1965-$4070$3286509 801 #0 $aPT$bBN$gRPC 856 41 $uhttp://rnod.bnportugal.gov.pt/ImagesBN/winlibimg.aspx?skey=&doc=2285845&img=223081&save=true 900 ## $aBIBNAC$d20260612 966 ## $lBN$mFGMON$sL. 123982 P.$x1 966 ## $lBN$mFGMON$sL. 123982 P.-D$x1 971 ## $corlando$d20260506 972 ## $e0$z0$d20260612$vlrevez 973 ## $cigoulao$d20260603
|
|
|